Best Selling Albums of 1970s - Statistics

General Stats
  • This quiz has been taken 137 times
  • The average score is 9 of 10
Answer Stats
Album Year Music Act % Correct
Let It Be 1970 The Beatles
100%
The Dark Side of the Moon 1973 Pink Floyd
98%
Hotel California 1976 The Eagles
97%
Rumours 1977 Fleetwood Mac
94%
Goodbye Yellow Brick Road 1973 Elton John
93%
Bridge over Troubled Water 1970 Simon and Garfunkel
89%
Bat Out Of Hell 1977 Meatloaf
88%
Off The Wall 1979 Michael Jackson
80%
Breakfast in America 1979 Supertramp
64%
Tapestry 1971 Carole King
62%
No matching quizzes found
Score Distribution
Percent of People with Each Score
Percentile by Number Answered
Your Score History
You have not taken this quiz